La crisis monetaria internacional

Պահպանված է:
Մատենագիտական մանրամասներ
Հիմնական հեղինակ: Sardá Dexeus, Juan (Հեղինակ)
Ձևաչափ: Գիրք
Լեզու:իսպաներեն
Հրապարակվել է: Barcelona Ariel 1968
Հրատարակություն:1a. ed
Շարք:Ariel Quincenal, 5
Խորագրեր:
Ցուցիչներ: Ավելացրեք ցուցիչ
Չկան պիտակներ, Եղեք առաջինը, ով նշում է այս գրառումը!

MARC

LEADER 00000nam a2200000 a 4500
001 UCK7486
003 CL-VaPUC
008 051125e19680000SP |||||||||||||||||spa|d
082 0 4 |a 330.9046  |b SAR  |2 21 
100 0 |a Sardá Dexeus, Juan  |e author  |9 496987 
245 1 3 |a La crisis monetaria internacional 
250 |a 1a. ed 
300 |a 183 p 
942 |c BK 
945 |d 20051125 00:00:00  |a cmena 
260 |a Barcelona  |b Ariel  |c 1968 
650 0 |a Economía internacional  |9 258254 
650 7 |a DEPRESION ECONOMICA  |2 CL-VaPUC  |9 345339 
650 7 |a FLUCTUACIONES ECONOMICAS  |2 CL-VaPUC  |9 408970 
650 7 |a TIPO DE CAMBIO  |2 CL-VaPUC  |9 319970 
650 0 |a Capital   |9 263726 
583 |a last modification  |c 20051125 00:00:00  |k Rodrigo Vera 
490 0 |a Ariel Quincenal, 5 
999 |c 315396  |d 315394 
952 |0 0  |1 0  |4 0  |6 330_904600000000000_SAR_1968  |7 0  |8 A  |9 388605  |a BIBHIS  |b BIBHIS  |d 2019-11-22  |i 4159527  |o 330.9046 SAR 1968  |p 4159527  |r 2025-01-20  |w 2019-11-22  |y BK  |k HIS